000 00362nam a2200157 4500
001 43859
090 _a43859
100 _a20241114 pory50
101 _apor
_aing
102 _aPT
200 _aAs serviçais
_frealiz. Tate taylor
210 _a[S.l.]
_cZon Lusomundo
_d[d. reg. 2012]
215 _a1 DVD
675 _a82-31
801 _aPT
_gRPC
990 _cFILMES DVD